| 000 | 00481nam a22001937a 4500 | ||
|---|---|---|---|
| 999 |
_c2472 _d2472 |
||
| 003 | OSt | ||
| 005 | 20220919153730.0 | ||
| 008 | 151109b xxu||||| |||| 00| 0 eng d | ||
| 020 | _a0486434796 | ||
| 040 | _c040a | ||
| 082 | _a514.WIL 1998 | ||
| 100 |
_aWillard, Stephen _96045 |
||
| 245 | _aGeneral Topology | ||
| 260 |
_aNew York, _bDover publications _c1998 |
||
| 300 |
_axii, 369p; _bill : _c8cm |
||
| 504 | _aincludes index | ||
| 650 |
_aTopology _95415 |
||
| 942 |
_2ddc _cSLOAN |
||